Statistiques concernant Pays les plus proches de la Jordanie - sprint d'une minute

Cliquez ici pour prendre le quiz!

Statistiques générales

  • Ce quiz a été pris 89 fois
  • Le résultat moyen est 14 sur 21

Statistiques - réponses

kmpays% Correct
0Arabie
Saoudite
95%
601Iran
95%
0Israël
95%
342Turquie
92%
0Irak
90%
45Liban
89%
0Syrie
87%
7Égypte
86%
291Chypre
72%
887Arménie
71%
776Koweït
70%
868Azerbaïdjan
58%
937Géorgie
58%
673Grèce
52%
971Libye
52%
1269Bahreïn
43%
0Palestine
39%
1122Russie
39%
802Soudan
39%
1269Érythrée
24%
1233Bulgarie
22%

Distribution des résultats

Percentile par nombre de réponses

% des personnes avec chaque résultat

Votre développement - résultats

Vous n’avez pas pris ce quiz